000
00247nam a2200109Ia 4500
005
20251222152717.0
008
251222s9999||||xx |||||||||||||| ||spa||
082
_a
800/H37
100
_a
Helguero, Lorenzo
245
0
_a
Sapiente Lengua
942
_c
LIB
999
_c
29420
_d
29420